| 000 | 00904cam a2200241 a 4500 | ||
|---|---|---|---|
| 001 | ENG-90799 | ||
| 005 | 20080616095959.0 | ||
| 008 | 080828t xxu||||| |||| 00| 0 eng d | ||
| 010 | _aENG-90799 | ||
| 020 |
_a9788172733803 _c525.00 |
||
| 035 | _aEN-74332 | ||
| 037 | _bDBAD / PUB | ||
| 040 |
_aDPL _bEnglish |
||
| 082 | _a333.707 | ||
| 100 | _aChitrabhanu, T.K. | ||
| 245 |
_aEnvironmental education: _cby T.K. Chitrabhanu _bstrictly on the basis of prescribed syllabus with modern trends / |
||
| 260 |
_aDelhi : _bAuthorspress, _c2007 |
||
| 300 |
_axii, 239 p. _c24 cm (Hb) |
||
| 500 | _aIncludes bibliographical references and index. | ||
| 650 | _aEnvironmental education | ||
| 942 |
_2ddc _cEN _mCHI _h333.707 |
||
| 999 |
_c15185 _d15185 |
||